000 00198 a2200097 4500
020 _a9781598209679
041 _aspa
100 _aCanfield, Jack
245 _aSopa de pollo para el alma
942 _cBK
999 _c13036
_d13036